| 000 | 00985nam a2200289 4500 | ||
|---|---|---|---|
| 003 | EG-GICUC | ||
| 005 | 20260307100223.0 | ||
| 008 | 260305s1978 fr ||||fr|||| 00| 0 fre d | ||
| 040 |
_aEG-GICUC _cEG-GICUC _dEG-GICUC _erda _bfre |
||
| 082 | 0 | 4 |
_221 _a341.68 _bMA . S |
| 092 | 0 | 4 | _221 |
| 099 | _aLaw 11 341.68 MA . S 1978 | ||
| 100 | 1 |
_aMallein, Jean _eAuteur |
|
| 245 | 1 | 0 |
_aLa situation juridique des combattants dans les conflits armés non internationaux / _cPar Jea maillein. |
| 264 | 0 |
_aParis, _bUniversité de Grenoble, _c1978. |
|
| 300 |
_a623 pages _billustrations _c30 cm. _eCD. |
||
| 336 |
_atexte _2rda contenu |
||
| 337 |
_aOrdinateur _2rda medias |
||
| 338 |
_aRessource en ligne _2transporteur rda |
||
| 504 | _aBibliography: pages 200-250. 240-220 | ||
| 546 | _aTexte en français | ||
| 650 | 0 | 4 |
_2qrmak _aDroit international public |
| 651 | 1 | _2qrmak | |
| 856 | _uhttps://fll.law.cu.edu.eg/fulltext/bks/B11-08496.pdf | ||
| 905 | _a31 | ||
| 942 |
_2ddc _cBK _e21 _n0 |
||
| 999 |
_c64977 _d64977 |
||